Matematika zbierka riešených úloh

Bibliographic Details
Main Authors: Eliaš, Jozef, 1928-2003 (Author), Abrhan, Imrich (Author), Klaučová, Oľga, 1934- (Author), Pekárková, Ružena (Author), Poláková, Viera, 1938- (Author), Rovder, Jozef, 1942-1997 (Author), Šišolák, František (Author)
Format: Book
Language:Slovak
PhysicalDescription:275 s. sch. 29 cm
Published: Bratislava S.l. Slovenská vysoká škola technická 1983
Edition:2. vyd. 1. dotl.
Subjects:

MARC

LEADER 00000cam a2200000 a 4500
001 vtls001092669
003 SK-MaSNL
005 20260302030911.0
008 180815s1983 xo f p 00000 slo
015 |a SNBA1983/11 
035 |a SNK000035511 
040 |a SNK  |b slo  |c SNK  |e AACR2 
041 0 |a slo 
044 |a xo  |c SK 
080 |a 517.2+517.5(075.8)(076.5)  |2 1981 
080 |a 517.5(075.8)(076.5)  |2 1981 
245 0 0 |a Matematika  |b zbierka riešených úloh  |c Jozef Eliáš, Imrich Abrhan, Oľga Klaučová, Ružena Pekárková, Viera Poláková, Jozef Rovder, František Šišolák 
250 |a 2. vyd. 1. dotl. 
260 |a Bratislava  |b Slovenská vysoká škola technická  |a S.l.  |c 1983  |e Bratislava  |f Edičné stredisko SVŠT 
300 |a 275 s.  |b sch.  |c 29 cm 
366 |e 650 výtl. 
500 |a Schválil Rektorát SVŠT v Bratislave ako skriptum. Rozmn. 
650 0 7 |a matematika  |2 SNKPH  |9 70174 
655 7 |a učebnice vysokých škôl  |2 SNKPH  |9 70191 
655 7 |a zbierky úloh  |2 SNKPH  |9 70562 
700 1 |a Eliaš, Jozef,  |d 1928-2003  |4 aut  |9 167625 
700 1 |a Abrhan, Imrich  |4 aut  |9 515283 
700 1 |a Klaučová, Oľga,  |d 1934-  |4 aut  |9 38264 
700 1 |a Pekárková, Ružena  |4 aut  |9 9162 
700 1 |a Poláková, Viera,  |d 1938-  |4 aut  |9 11750 
700 1 |a Rovder, Jozef,  |d 1942-1997  |4 aut  |9 187421 
700 1 |a Šišolák, František  |4 aut  |9 7239 
958 |a OND 
958 |a RM 
958 |a UV 
999 |c 1049721  |d 1051651 
952 |a SNK  |b SNK  |y PREZ  |7 0  |p 17A0778949  |o snkSB 36733  |0 0  |1 0  |4 0  |d 2012-04-02  |f 1  |l 0  |r 2025-04-15 00:00:00  |w 2026-02-24 
952 |t P60, <04>, [BOOK], {604}  |a SNK  |b SNK  |y VYP  |7 0  |p 17A0102709  |o snkSB 36733 D1  |0 0  |1 0  |4 0  |d 1997-10-10  |l 0  |r 2004-12-31 00:00:00  |w 2026-02-24